000 00198nam a2200085Ia 4500
008 120527s9999 xx 000 0 und d
100 _aMack, F. Sichney
245 _aElementary Statistics
942 _cBK
999 _c27799
_d27799